<?xml version="1.0" encoding="UTF-8"?>
<collection xmlns="http://www.loc.gov/MARC21/slim">
    <record>
        <controlfield tag="001">12887</controlfield>
        <controlfield tag="005">20150325205414.0</controlfield>
        <datafield tag="037" ind1=" " ind2=" ">
            <subfield code="a">TAZ-TFG-2013-999</subfield>
        </datafield>
        <datafield tag="041" ind1=" " ind2=" ">
            <subfield code="a">spa</subfield>
        </datafield>
        <datafield tag="100" ind1="1" ind2=" ">
            <subfield code="a">Carazo Castel, Víctor</subfield>
        </datafield>
        <datafield tag="245" ind1="0" ind2="0">
            <subfield code="a">Elementos de comunicación, infografías e interfaz para TELTRONIC</subfield>
        </datafield>
        <datafield tag="260" ind1=" " ind2=" ">
            <subfield code="a">Zaragoza</subfield>
            <subfield code="b">Universidad de Zaragoza</subfield>
            <subfield code="c">2013</subfield>
        </datafield>
        <datafield tag="506" ind1=" " ind2=" ">
            <subfield code="a">by-nc-sa</subfield>
            <subfield code="b">Creative Commons</subfield>
            <subfield code="c">3.0</subfield>
            <subfield code="u">http://creativecommons.org/licenses/by-nc-sa/3.0/</subfield>
        </datafield>
        <datafield tag="520" ind1=" " ind2=" ">
            <subfield code="a">En este proyecto, se han elaborado elementos de comunicación para la feria INTERSEG, en Brasil, a la cual asistirá TELTRONIC. Dichos elementos, están basados en una serie de infografías para explicar el funcionamiento y servicio de cada uno de los productos que ofrece TELTRONIC, de una manera global, ordenada y agrupados por los posibles sectores de aplicación de estos. Los elementos de comunicación son: Una presentación interactiva, agrupada por sectores de aplicación los productos, y que sirve de apoyo a los comerciales en la feria de Brasil o incluso para consulta de los visitantes situados en dispositivos portátiles, dentro del estand de la empresa. Nuevos folletos que agrupan todos los productos y servicios, que podrán distribuirse en la feria como ampliación de información. Un nuevo interfaz para consola táctil orientada a el sector transporte, más adecuado e integrado con la estética de la empresa y mas intuitivo y por tanto, de más fácil utilización. Por último, se han desarrollado distintas propuestas de stands, elaborando una "guía" que sirva de apoyo a las empresas externas, encargadas de la construcción y diseño de los mimos con el fin de que estos, tuvieran una estética homogénea y acorde con el resto de elementos de comunicación de la empresa.</subfield>
        </datafield>
        <datafield tag="521" ind1=" " ind2=" ">
            <subfield code="a">Graduado en Ingeniería en Diseño Industrial y Desarrollo de Producto</subfield>
        </datafield>
        <datafield tag="540" ind1=" " ind2=" ">
            <subfield code="a">Derechos regulados por licencia Creative Commons</subfield>
        </datafield>
        <datafield tag="700" ind1=" " ind2=" ">
            <subfield code="a">Romero Piqueras, Carlos</subfield>
            <subfield code="e">dir.</subfield>
        </datafield>
        <datafield tag="710" ind1="2" ind2=" ">
            <subfield code="a">Universidad de Zaragoza</subfield>
            <subfield code="b">Ingeniería de Diseño y Fabricación</subfield>
            <subfield code="c">Expresión Gráfica de la Ingeniería</subfield>
        </datafield>
        <datafield tag="856" ind1="0" ind2=" ">
            <subfield code="f">611276@celes.unizar.es</subfield>
        </datafield>
        <datafield tag="856" ind1="4" ind2=" ">
            <subfield code="s">25395755</subfield>
            <subfield code="u">http://zaguan.unizar.es/record/12887/files/TAZ-TFG-2013-999_ANE.pdf</subfield>
            <subfield code="y">Anexos (spa)</subfield>
        </datafield>
        <datafield tag="856" ind1="4" ind2=" ">
            <subfield code="s">7534915</subfield>
            <subfield code="u">http://zaguan.unizar.es/record/12887/files/TAZ-TFG-2013-999.pdf</subfield>
            <subfield code="y">Memoria (spa)</subfield>
        </datafield>
        <datafield tag="909" ind1="C" ind2="O">
            <subfield code="o">oai:zaguan.unizar.es:12887</subfield>
            <subfield code="p">driver</subfield>
            <subfield code="p">trabajos-fin-grado</subfield>
        </datafield>
        <datafield tag="950" ind1=" " ind2=" ">
            <subfield code="a"></subfield>
        </datafield>
        <datafield tag="980" ind1=" " ind2=" ">
            <subfield code="a">TAZ</subfield>
            <subfield code="b">TFG</subfield>
            <subfield code="c">EINA</subfield>
        </datafield>
    </record>

    
</collection>